00587nam a2200169Ia 4500008004100000100003000041245008700071245003000158260005900188260000900247300001000256650001800266650001500284856002600299999001900325952007300344170221s9999 xx 000 0 und d aNilnur Tandaçgüneş. aVirtuel Flaneuse as a New Consumer Identity: A Qualitative Research on Pinterest  cNilnur Tandaçgüneş. bOnline Journal of Communication and Media Technologies c2016 a6 : 2 xCommunication xMedia Arts uhttp://www.ojcmt.net/ c306924d306924 001040aCLbCLd2017-02-21l0r2017-02-21 00:00:00w2017-02-21yFOJ